The story of design / (Record no. 354013)
[ view plain ]
| 000 -LEADER | |
|---|---|
| fixed length control field | 02080nam a2200277 a 4500 |
| 001 - CONTROL NUMBER | |
| control field | ASIN1783130016 |
| 003 - CONTROL NUMBER IDENTIFIER | |
| control field | OSt |
| 005 - DATE AND TIME OF LATEST TRANSACTION | |
| control field | 20180116192424.0 |
| 008 - FIXED-LENGTH DATA ELEMENTS--GENERAL INFORMATION | |
| fixed length control field | 140828s2013 xxu eng d |
| 020 ## - INTERNATIONAL STANDARD BOOK NUMBER | |
| International Standard Book Number | 1783130016 (hardcover) |
| 020 ## - INTERNATIONAL STANDARD BOOK NUMBER | |
| International Standard Book Number | 9781783130016 (hardcover) |
| 040 ## - CATALOGING SOURCE | |
| Transcribing agency | sada |
| 050 04 - LIBRARY OF CONGRESS CALL NUMBER | |
| Classification number | TS171.A5 |
| 082 04 - DEWEY DECIMAL CLASSIFICATION NUMBER | |
| Classification number | 745.4 |
| 100 1# - MAIN ENTRY--PERSONAL NAME | |
| Personal name | Charlotte. |
| 9 (RLIN) | 7788 |
| 245 14 - TITLE STATEMENT | |
| Title | The story of design / |
| Statement of responsibility, etc. | Charlotte and Peter Fiell. |
| 260 ## - PUBLICATION, DISTRIBUTION, ETC. | |
| Place of publication, distribution, etc. | [S.l.] : |
| Name of publisher, distributor, etc. | Goodman-Fiell, |
| Date of publication, distribution, etc. | 2013. |
| 300 ## - PHYSICAL DESCRIPTION | |
| Extent | 512 p. ; |
| Dimensions | 25 cm. |
| 520 ## - SUMMARY, ETC. | |
| Summary, etc. | Design is a multi-disciplined approach to problem-solving that has always uniquely reflected humankind's aspirations, needs and desires. It has both shaped and mirrored the spirit of our times. The Story of Design is a fascinating multi-stranded account that is truly comprehensive in its scope, introducing the styles, movements, theories, materials, processes, technologies, leading practitioners and companies that have shaped modern design into what it is today. Contextualizing developments in design with regard to wider social, cultural and political matters, this is an indispensable overview of creative endeavour in the pursuit of the better-designed product. Through exquisite illustrations and authoritative text, this definitive account studies the foundations of design practice from its earliest inception and defines the major themes that have guided this discipline from the from the prehistoric era to the Ancient world, from the Middle Ages and the Renaissance to the Industrial Revolution and Modern Movement to our own Digital Age. Leading design historians Charlotte and Peter Fiell, through careful analysis of the evolution of modern design, uncover the real importance of this unique yet all-encompassing creative activity and assess its crucial future role in society. |
| 650 #0 - SUBJECT ADDED ENTRY--TOPICAL TERM | |
| Topical term or geographic name entry element | Art and design |
| 9 (RLIN) | 7789 |
| 650 #0 - SUBJECT ADDED ENTRY--TOPICAL TERM | |
| Topical term or geographic name entry element | Design |
| 9 (RLIN) | 7790 |
| 650 #0 - SUBJECT ADDED ENTRY--TOPICAL TERM | |
| Topical term or geographic name entry element | Industrial design |
| 9 (RLIN) | 7791 |
| 700 1# - ADDED ENTRY--PERSONAL NAME | |
| Personal name | Fiell, Peter. |
| 9 (RLIN) | 7792 |
| 856 40 - ELECTRONIC LOCATION AND ACCESS | |
| Materials specified | Amazon.com |
| Uniform Resource Identifier | <a href="http://www.amazon.com/exec/obidos/ASIN/1783130016/chopaconline-20">http://www.amazon.com/exec/obidos/ASIN/1783130016/chopaconline-20</a> |
| 942 ## - ADDED ENTRY ELEMENTS (KOHA) | |
| Source of classification or shelving scheme | |
| Koha item type | Book |
| Withdrawn status | Lost status | Source of classification or shelving scheme | Damaged status | Not for loan | Permanent Location | Current Location | Date acquired | Total Checkouts | Total Renewals | Full call number | Barcode | Date last seen | Date last checked out | Cost, replacement price | Price effective from | Koha item type |
|---|---|---|---|---|---|---|---|---|---|---|---|---|---|---|---|---|
| School of Art Design and Architecture (SADA) | School of Art Design and Architecture (SADA) | 08/27/2014 | 6 | 4 | 745.4 CHA 2013 | SADA0002381 | 05/03/2016 | 05/03/2016 | 4735.12 | 08/28/2014 | Book |
